Diseño de la red de alcantarillado sanitario y del sistema de tratamiento de las aguas residuales del distrito IV de la ciudad de San Marcos, municipio de San Marcos, departamento de Carazo
Presenta el diseño de la red de alcantarillado sanitario y del sistema de tratamiento de las aguas residuales del distrito IV de la ciudad de San Marcos, municipio de San Marcos, departamento de Carazo se realizó le elaboración de un estudio de la población y consumo, se efectuó un levantamient...
| Main Authors: | , |
|---|---|
| Other Authors: | |
| Format: | Tesis Section = Libro |
| Language: | Undetermined Spanish |
| Published: |
Managua
UNI
2014
|
| Subjects: |
| LEADER | 01454nam a2200289Ia 4500 | ||
|---|---|---|---|
| 008 | 240830s9999 xx 000 0 und d | ||
| 040 | |a BIBLIOTECA-RUPAP Mon 628.2 M445 | ||
| 041 | |a spa | ||
| 082 | |a Mon 628.2 M445 | ||
| 100 | 1 | |a Matus Flores, Wendy Carolina | |
| 100 | 1 | |b Espinoza Antonio, Pablo Antonio | |
| 245 | 1 | 0 | |a Diseño de la red de alcantarillado sanitario y del sistema de tratamiento de las aguas residuales del distrito IV de la ciudad de San Marcos, municipio de San Marcos, departamento de Carazo |
| 260 | |a Managua |b UNI |c 2014 | ||
| 300 | |a 235 p. :il. | ||
| 500 | |a Contiene: anexos. | ||
| 502 | |a Tesis (Ingeniero Civil)- UNI, 2014. | ||
| 520 | 3 | |a Presenta el diseño de la red de alcantarillado sanitario y del sistema de tratamiento de las aguas residuales del distrito IV de la ciudad de San Marcos, municipio de San Marcos, departamento de Carazo se realizó le elaboración de un estudio de la población y consumo, se efectuó un levantamiento topográfico del área de estudio para especificar el curos de las aguas residuales. | |
| 650 | 7 | |a ALCANTARILLADO SANITARIO – DISEÑO Y CONSTRUCCION | |
| 650 | 7 | |b AGUAS RESUDUALES | |
| 650 | 7 | |c PURIFICACION DE AGUAS RESUDUALES | |
| 650 | 7 | |d INGENIERIA HIDRAULICA | |
| 650 | 7 | |e INGENIERIA SANITARIA | |
| 650 | 7 | |f PLANTAS PARA TRATAMIENTO DE AGUAS RESUDUALES | |
| 700 | 1 | |a Tutor: |b Castellón Zelaya, Mario Francisco | |
| 942 | |c BK |2 ddc | ||
| 991 | |a TESIS | ||
| 999 | |c 16323 | ||